000 00534nam a22001817a 4500
999 _c190221
_d190221
005 20220720163240.0
010 _aENG-133738
020 _a9788177359339
_c70.00
035 _aEN-117270
037 _bDBAD/PUB
082 _aN
100 _aVadivambika, S.
245 _aThe Novels of Toni Morrison: African American Womanist Thought/
_cS. Vadivambika
260 _aChennai
_bPavai Publications
_c2010
270 _a142, Jani Jan Khan Road, Royapettah
_bChennai
_e600014
300 _a157p.
_c21cm(pbk)
942 _2ddc
_cEN
_hN
_mVAD